Roma capovolta /

সংরক্ষণ করুন:
গ্রন্থ-পঞ্জীর বিবরন
প্রধান লেখক: Stajano, Gio (লেখক)
বিন্যাস: গ্রন্থ
ভাষা:ইতালিয়
প্রকাশিত: Roma : Quattrucci, 1959
মালা:Il respiro del mondo ; 3
ট্যাগগুলো: ট্যাগ যুক্ত করুন
কোনো ট্যাগ নেই, প্রথমজন হিসাবে ট্যাগ করুন!

MARC

LEADER 00000nam a22000007i 4500
001 IT\ICCU\SBL\0502887
003 ItRI
005 20260115232259.0
008 910930s1959 it |||||| ||||| |||||c
015 |2 IT  |a 595759 
040 |b ita  |c importazione bologna sebina 
041 7 |a ita  |2 ISO-639-2 
082 |a 853.91  |9 NARRATIVA ITALIANA. SEC. 20.  |2 16 
100 1 |a Stajano, Gio  |0 IT\ICCU\RAVV\074679  |4 aut 
245 1 0 |a Roma capovolta /  |c Giò Stajano. 
260 |a Roma :  |b Quattrucci,  |c 1959 
300 |a 264 p. ;  |c 20 cm. 
790 1 |a Stajano Starace, Maria Gioacchina  |3 IT\ICCU\RAVV\074680  |z Stajano, Gio 
830 3 |a Il respiro del mondo ;  |v 3  |0 IT\ICCU\SBL\0502886 
942 |2 ddc  |c BK  |n 0 
952 |0 0  |1 0  |4 0  |6 DOC_853_914000000000000_STA  |7 0  |9 23501  |a BO  |b BO  |d 2026-01-15  |i 2584  |l 0  |o DOC 853.914 STA  |p BO2584  |r 2026-01-15 23:22:59  |w 2026-01-15  |x [Sebina 7] [1 v.]  |y BK  |z 1 v. 
999 |c 20024  |d 20024